Statistics for 10 Most Populated Cities In A Country Beginning With 'A'

Click here to take the quiz!

General Stats

  • This quiz has been taken 24 times
  • The average score is 8 of 10

Answer Stats

PopAnswer% Correct
3.6 MillionSydney
91%
12.3 MillionBuenos Aires
87%
3.4 MillionMelbourne
87%
3.4 MillionAlgiers
83%
1.6 MillionVienna
78%
1.8 MillionBrisbane
74%
1.5 MillionPerth
74%
1.8 MillionBaku
70%
3 MillionKabul
61%
3.4 MillionLuanda
61%

Score Distribution

Percentile by Number Answered

Percent of People with Each Score

Your Score History

You have not taken this quiz